. نظرة مختلفة الى الطفل ذي الحاجات الخاصة (Record no. 15806)

MARC details
000 -LEADER
fixed length control field 00859nam a2200205 4500
008 - FIXED-LENGTH DATA ELEMENTS--GENERAL INFORMATION
fixed length control field b xx# ara u
010 ## - LIBRARY OF CONGRESS CONTROL NUMBER
LC control number 54577/8
040 ## - CATALOGING SOURCE
Original cataloging agency LB-BrCRDP
082 ## - DEWEY DECIMAL CLASSIFICATION NUMBER
Classification number 371.9/J32n
100 1# - MAIN ENTRY--PERSONAL NAME
Personal name . جامعة القديس يوسف. المعهد اللبناني لإعداد المربين
130 1# - MAIN ENTRY--UNIFORM TITLE
Language of a work AR/FR
245 10 - TITLE STATEMENT
Title . نظرة مختلفة الى الطفل ذي الحاجات الخاصة
Remainder of title نظرة المربي التقويمي
Statement of responsibility, etc. جامعة القديس يوسف
260 ## - PUBLICATION, DISTRIBUTION, ETC.
Place of publication, distribution, etc. بيروت
Name of publisher, distributor, etc. جامعة القديس يوسف
300 ## - PHYSICAL DESCRIPTION
Extent 138ص. ؛
Dimensions 23 سم.
500 ## - GENERAL NOTE
General note * لائحة مراجع في آخر الكتاب * نسخة باللغة الفرنسية
650 ## - SUBJECT ADDED ENTRY--TOPICAL TERM
Topical term or geographic name entry element الاطفال بطيئي التعلم
650 ## - SUBJECT ADDED ENTRY--TOPICAL TERM
Topical term or geographic name entry element التربية المتخصصة
942 ## - ADDED ENTRY ELEMENTS (KOHA)
Koha item type Books
Holdings
Withdrawn status Lost status Source of classification or shelving scheme Damaged status Not for loan Home library Current library Shelving location Date acquired Total Checkouts Full call number Barcode Date last seen Copy number Price effective from Koha item type
    Dewey Decimal Classification     مكتبة المطبعة - سن الفيل مكتبة المطبعة - سن الفيل Salle de Lecture 07/28/2016   371.9 J32n CRF013885 07/28/2016 2 07/28/2016 Books
    Dewey Decimal Classification     مكتبة المطبعة - سن الفيل مكتبة المطبعة - سن الفيل Salle de Lecture 07/28/2016   371.9 J32n CRF013884 07/28/2016 2 07/28/2016 Books